Music Quiz

Random Music or Kpop Quiz

Produce 101 - 35 Boys 5 Songs (Match) Quiz Stats

Quiz not verified by Sporcle

Challenge
Share
Tweet
Embed
Score 0/35 Timer 07:00
0 Plays Today
% Correct
Never
92.8%
Never
91.1%
Never
89.9%
Oh Little Girl
87.8%
Never
87.5%
I Know You Know
87.3%
Open Up
86.7%
Open Up
86.3%
Never
86.2%
Oh Little Girl
86.1%
I Know You Know
85.7%
I Know You Know
85.2%
Oh Little Girl
85.1%
Showtime
84.7%
Showtime
84.1%
Oh Little Girl
84%
Open Up
83.7%
Never
83.4%
% Correct
Open Up
81%
Open Up
80.2%
Showtime
79.7%
Oh Little Girl
79.5%
Showtime
79.3%
I Know You Know
79.1%
Oh Little Girl
77.4%
I Know You Know
76.8%
Showtime
76.8%
Never
75.5%
I Know You Know
74.8%
Showtime
73.1%
Open Up
73%
Open Up
72.7%
Showtime
70.8%
I Know You Know
70.7%
Oh Little Girl
67.7%

You're not logged in!

Compare scores with friends on all Sporcle quizzes.
Join for Free
OR
Log In

You Might Also Like...

Show Comments

Extras

Created Jul 5, 2017ReportNominate
Tags:Kpop Quiz, kpop idol, Kpop Quiz

Top Quizzes Today


Score Distribution

Your Account Isn't Verified!

In order to create a playlist on Sporcle, you need to verify the email address you used during registration. Go to your Sporcle Settings to finish the process.

Report this User

Report this user for behavior that violates our Community Guidelines.

Details: